As 5 grandes vilas de Naruto - Statistics

Estatísticas Gerais
  • Esse quiz foi jogado 90 vezes
  • A pontuação média é 3 de 5
Estatísticas das Respostas
País Vila Oculta % Correto
País do Fogo Konohagakure
96%
País do Vento Sunagakure
53%
País da Água Kirigakure
47%
País da Terra Iwagakure
35%
País do Relâmpago Kumogakure
30%
Nenhum quiz correspondente encontrado
Distribuição das Pontuações
Porcentagem de Pessoas com Cada Pontuação
Percentil de Números Respondidos
Sua Pontuação Histórica
Você não jogou esse quiz